Understanding Corporate Criminality
Na minha lista:
| Outros Autores: | |
|---|---|
| Formato: | Livro |
| Idioma: | inglês |
| Publicado em: |
New York
Garland Publ.
1993
|
| Edição: | 1. ed. |
| Colecção: | Garland Reference Library of Social Science
Vol. 845 |
| Assuntos: | |
| Tags: |
Sem tags, seja o primeiro a adicionar uma tag!
|
MARC
| LEADER | 00000nam a2200000 4500 | ||
|---|---|---|---|
| 001 | c019749 | ||
| 005 | 20221206075713.6 | ||
| 020 | |a 0-8153-0883-3 | ||
| 041 | 0 | |a eng | |
| 044 | |a US | ||
| 245 | 1 | 0 | |a Understanding Corporate Criminality |c Edit. Michael B. Blankenship |
| 250 | |a 1. ed. | ||
| 264 | 1 | |a New York |b Garland Publ. |c 1993 | |
| 300 | |a 266 s. | ||
| 490 | 1 | |a Garland Reference Library of Social Science |v Vol. 845 | |
| 830 | 0 | |a Garland Reference Library of Social Science |v Vol. 845 | |
| 610 | 2 | 0 | |a kriminalita |
| 610 | 2 | 0 | |a kriminalita hospodárska |
| 610 | 2 | 0 | |a správanie |
| 610 | 2 | 0 | |a správanie sociálne |
| 700 | 1 | |a Blankenship, Michael B. | |